Field engineering : (Record no. 164439)

MARC details
000 -LEADER
fixed length control field 00870nam a2200241 a 4500
008 - FIXED-LENGTH DATA ELEMENTS--GENERAL INFORMATION
fixed length control field
020 ## - INTERNATIONAL STANDARD BOOK NUMBER
International Standard Book Number 090303168X (pbk.)
049 ## - LOCAL HOLDINGS (OCLC)
Holding library MAIN
090 ## - LOCALLY ASSIGNED LC-TYPE CALL NUMBER (OCLC); LOCAL CALL NUMBER (RLIN)
Classification number (OCLC) (R) ; Classification number, CALL (RLIN) (NR) TA145
003 - CONTROL NUMBER IDENTIFIER
control field
005 - DATE AND TIME OF LATEST TRANSACTION
control field 20230123134343.0
040 ## - CATALOGING SOURCE
Transcribing agency NUST
245 00 - TITLE STATEMENT
Title Field engineering :
Remainder of title an introduction to development work and construction in rural areas /
Statement of responsibility, etc. compiled and edited by Peter Stern and others, from an original work by F. Longland.
260 ## - PUBLICATION, DISTRIBUTION, ETC.
Place of publication, distribution, etc. London :
Name of publisher, distributor, etc. Intermediate Technology,
Date of publication, distribution, etc. 1983.
300 ## - PHYSICAL DESCRIPTION
Extent xxii, 251 p. :
Other physical details ill., 2 maps, plans ;
Dimensions 22 cm.
500 ## - GENERAL NOTE
General note Includes bibliographical references
650 #0 - SUBJECT ADDED ENTRY--TOPICAL TERM
Topical term or geographic name entry element Agricultural engineering.
653 ## - INDEX TERM--UNCONTROLLED
Uncontrolled term Agriculture
-- Field engineering
700 1# - ADDED ENTRY--PERSONAL NAME
Personal name Stern, Peter H.
700 1# - ADDED ENTRY--PERSONAL NAME
Personal name Longland, F.
Title of a work Field engineering.
907 ## - LOCAL DATA ELEMENT G, LDG (RLIN)
a .b10008019
b 13-09-19
c 17-04-03
942 ## - ADDED ENTRY ELEMENTS (KOHA)
Koha item type Ordinary Loan Books
Call number prefix TA145
Holdings
Date last seen Total Checkouts Full call number Barcode Cost, replacement price Price effective from Koha item type Lost status Source of classification or shelving scheme Damaged status Not for loan Collection Withdrawn status Home library Current library Shelving location Date acquired Cost, normal purchase price
01/23/2023 1 TA145 FIE 92003015539 80.00 01/23/2023 BOOKS   LCC     NFIC   MAIN MAIN GEN 01/23/2023 80.00